Population aging and productivity in Asian countries / (Record no. 504091)

000 -LEADER
fixed length control field 00943cam a2200277 i 4500
001 - CONTROL NUMBER
control field 17280692
005 - DATE AND TIME OF LATEST TRANSACTION
control field 20190108150926.0
008 - FIXED-LENGTH DATA ELEMENTS--GENERAL INFORMATION
fixed length control field 120501s2011 ja a b 000 0 eng
010 ## - LIBRARY OF CONGRESS CONTROL NUMBER
LC control number 2012389037
020 ## - INTERNATIONAL STANDARD BOOK NUMBER
International Standard Book Number 9789283324201 (pbk.)
020 ## - INTERNATIONAL STANDARD BOOK NUMBER
International Standard Book Number 928332420X (pbk.)
040 ## - CATALOGING SOURCE
Original cataloging agency DLC
Language of cataloging eng
Transcribing agency DLC
Description conventions rda
042 ## - AUTHENTICATION CODE
Authentication code pcc
043 ## - GEOGRAPHIC AREA CODE
Geographic area code a------
050 00 - LIBRARY OF CONGRESS CALL NUMBER
Classification number HF5549.2.A75
Item number P67 2011
082 ## - DEWEY DECIMAL CLASSIFICATION NUMBER
Classification number T2531 H191
245 00 - TITLE STATEMENT
Title Population aging and productivity in Asian countries /
Statement of responsibility, etc Hanam S. Phang, editor.
300 ## - PHYSICAL DESCRIPTION
Extent 142 pages :
Other physical details illustrations (some color) ;
Dimensions 26 cm
504 ## - BIBLIOGRAPHY, ETC. NOTE
Bibliography, etc Includes bibliographical references.
650 #0 - SUBJECT ADDED ENTRY--TOPICAL TERM
Topical term or geographic name as entry element Personnel management
Geographic subdivision Asia.
9 (RLIN) 613
650 #0 - SUBJECT ADDED ENTRY--TOPICAL TERM
Topical term or geographic name as entry element Labor productivity
Geographic subdivision Asia.
9 (RLIN) 614
700 1# - ADDED ENTRY--PERSONAL NAME
Personal name Phang, Hanam S.
9 (RLIN) 615
710 2# - ADDED ENTRY--CORPORATE NAME
Corporate name or jurisdiction name as entry element Asian Productivity Organization.
9 (RLIN) 616
906 ## - LOCAL DATA ELEMENT F, LDF (RLIN)
a 7
b cbc
c origres
d 3
e ncip
f 20
g y-nonroman
955 ## - COPY-LEVEL INFORMATION (RLIN)
Book number/undivided call number, CCAL (RLIN) cf14 2012-05-01 z-processor
Copy status, CST (RLIN) cf14 2012-08-06 (telework) to BCCD
Holdings
Withdrawn status Lost status Source of classification or shelving scheme Damaged status Koha normalized classification for sorting Not for loan Permanent location Current location Date acquired Full call number Barcode Date last seen Price effective from Koha item type
        T_2531_000000000000000_H191   Indian Institute of Public Administration Indian Institute of Public Administration 2018-08-04 T2531 H191 GR20530 2018-08-04 2018-08-04 GR

Powered by Koha